000 00594nam a2200193Ia 4500
003 GCL
008 140319s9999 xx 000 0 ara d
040 _aGCL /
_cGCL
082 0 4 _a330.03
_bس م
100 1 _aسميح مسعود
245 1 0 _aالموسوعة الاقتصادية /
_cسميح مسعود
300 _a375 ص
490 _aالهيئة العامة للاستعلامات
_v0
650 0 4 _aالاقتصاد
650 0 4 _aالاحوال السياسية
650 0 4 _aالاحوال الاقتصادية
650 0 4 _aالاقتصاد - موسوعات
942 _2ddc
_cBK
999 _c47931
_d47931